000 00559nam a2200241Ia 4500
005 20250425162012.0
008 250425s9999 xx 000 0 und d
020 _a8432963038
041 _aspa
082 _a621.3892
100 _aRUIZ VASSALLO, FRANCISCO
245 0 _aMANUAL DE BAFLES Y ALTAVOCES
250 _a1A ED.
260 _aBARCELONA
260 _aEspaƱa
_bCEAC
_c1984
300 _a166
650 _aACUSTICA
650 _aALTAVOCES
650 _aBAFFLES
650 _aTRANSDUCTORES DE SONIDO
942 _c01
010 _a39503
999 _c220408
_d220408